An Introduction to Embedded Programming in a Linux Environment-(EBOOK) (Record no. 191317)

000 -LEADER
fixed length control field 00447 a2200157 4500
003 - CONTROL NUMBER IDENTIFIER
control field Nust
005 - DATE AND TIME OF LATEST TRANSACTION
control field 20170207154013.0
040 ## - CATALOGING SOURCE
Transcribing agency Nust
082 ## - DEWEY DECIMAL CLASSIFICATION NUMBER
Classification number 004.72
100 ## - MAIN ENTRY--PERSONAL NAME
Personal name Sevenich, Richard
245 ## - TITLE STATEMENT
Title An Introduction to Embedded Programming in a Linux Environment-(EBOOK)
Statement of responsibility, etc. Richard Sevenich, Stuart Steiner, Paul Schimpf
260 ## - PUBLICATION, DISTRIBUTION, ETC.
Place of publication, distribution, etc. USA
Name of publisher, distributor, etc. Lineo
Date of publication, distribution, etc. 2000
300 ## - PHYSICAL DESCRIPTION
Extent xiv, 186p
650 ## - SUBJECT ADDED ENTRY--TOPICAL TERM
Topical term or geographic name entry element An Introduction to Embedded Programming
651 ## - SUBJECT ADDED ENTRY--GEOGRAPHIC NAME
Geographic name EBOOK
942 ## - ADDED ENTRY ELEMENTS (KOHA)
Source of classification or shelving scheme
Koha item type Book
Holdings
Withdrawn status Lost status Source of classification or shelving scheme Damaged status Not for loan Collection code Permanent Location Current Location Date acquired Total Checkouts Full call number Barcode Date last seen Price effective from Koha item type
            Military College of Signals (MCS) Military College of Signals (MCS) 12/12/2016   004.72 SEV MCSED-524 12/08/2016 12/12/2016 Book
© 2023 Central Library, National University of Sciences and Technology. All Rights Reserved.